000 00808nam a2200217Ia 4500
003 GCL
008 140319s9999 xx 000 0 ara d
040 _aGCL /
_cGCL
082 0 4 _a301.1572
_bن ط
100 1 _aنبيل صبحى حنا
245 1 0 _aطفل الخليج بين رفاهية البترول ونيران الحرب ودور وسائل الاعلام الحديث /
_cنبيل صبحى حنا
260 _a[S.N] :
_bمركز ابن خلدون للدراسات الانمائية ،
_c1992
300 _a128 ص
490 _aسلسلة دراسات ازمة الخليج
_v0
650 0 4 _aالعالم العربى
650 0 4 _aالاطفال
650 0 4 _aالاتصال
650 0 4 _aوسائل الاعلام
650 0 4 _aالتليفزيون والاطفال
942 _2ddc
_cBK
999 _c28161
_d28161